Κερκυραϊκές γραμμές και κρουαζιέρες : εργασία
Αποθηκεύτηκε σε:
| Κύριος συγγραφέας: | |
|---|---|
| Συγγραφή απο Οργανισμό/Αρχή: | |
| Μορφή: | Thesis Βιβλίο |
| Γλώσσα: | Greek |
| Δημοσίευση: |
1997
|
| Θέματα: | |
| Ετικέτες: |
Προσθήκη ετικέτας
Δεν υπάρχουν, Καταχωρήστε ετικέτα πρώτοι!
|
MARC
| LEADER | 00000cam a2200000 i 4500 | ||
|---|---|---|---|
| 001 | 1/34258 | ||
| 008 | 060912s1997 gre d | ||
| 035 | |l 10085174 | ||
| 040 | |a GR-MY-UA |b gre |e aacr | ||
| 041 | 0 | |a gre | |
| 082 | 0 | |a 658.4012 |2 (22) | |
| 100 | 1 | |a Λαβράνος, Δημήτριος-Φίλιππος. | |
| 245 | 1 | 0 | |a Κερκυραϊκές γραμμές και κρουαζιέρες : |b εργασία / |c Δημήτρης-Φίλιππος Λαβράνος |
| 260 | |c 1997 | ||
| 300 | |a 58 σ.; |c 30 εκ. | ||
| 500 | |a Εργασία στο μάθημα Επιχειρησιακή Στρατηγική και Πολιτική | ||
| 502 | |a Εργασία - Πανεπιστήμιο Αιγαίου, Τμήμα Διοίκησης Επιχειρήσεων, 1997 | ||
| 504 | |a Περιλαμβάνει βιβλιογραφία | ||
| 610 | 2 | 0 | |a Πανεπιστήμιο Αιγαίου. |
| 650 | 0 | 0 | |a Strategic planning |v Case studies. |
| 650 | 0 | 0 | |a Business planning |x Case studies. |
| 650 | 0 | 0 | |a Shipping companies (Marine transportation) |z Greece |z Corfu Island. |
| 650 | 0 | 0 | |a Cruise lines. |
| 710 | 2 | |a Πανεπιστήμιο Αιγαίου. |b Σχολή Επιστημών της Διοίκησης. |b Τμήμα Διοίκησης Επιχειρήσεων. | |
| 852 | |a INST |b CHIOS |c PERG |e 20060912 |h 658.4012 ΛΑΒ |p 005200009718 |q 005200009718 |t PERG |y 23 | ||
| 901 | |a BIBL2-2001-3 | ||
| 909 | |a Χ |b 048466 | ||
| 924 | |a ΛΑΒΡΑΝΟΣ |b ΔΗΜΗΤΡΗΣ |y ΧΙΟΣ |z 2001-10 | ||
| 970 | |a ΝΤΟΥΜΗ |b ΜΑΡΙΑ |z 2001/10/24 | ||